Guía del antiguo reino de Andalucía : (Record no. 166982)

MARC details
000 -LEADER
campo de control de longitud fija 01348nam a2200277 i 4500
001 - NÚMERO DE CONTROL
campo de control 166982
003 - IDENTIFICADOR DE NÚMERO DE CONTROL
campo de control ES-MaACL
005 - FECHA Y HORA DE LA ÚLTIMA TRANSACCIÓN
campo de control 20250803063059.0
008 - DATOS DE LONGITUD FIJA--INFORMACIÓN GENERAL
campo de control de longitud fija 010103s1887 sp abef |||| | spa d
040 ## - FUENTE DE CATALOGACIÓN
Centro catalogador/agencia de origen CCPB | B
Lengua de catalogación spa
Centro/agencia transcriptor ES-MaACL
080 ## - NÚMERO DE LA CLASIFICACIÓN DECIMAL UNIVERSAL
Número de la Clasificación Decimal Universal 913(460.35)"18"(036)
100 1# - ENTRADA PRINCIPAL--NOMBRE DE PERSONA
Nombre de persona Valverde y Álvarez, Emilio,
Fechas asociadas al nombre 1848-1894
Término indicativo de función/relación Autor
9 (RLIN) 133538
245 10 - MENCIÓN DEL TÍTULO
Título Guía del antiguo reino de Andalucía :
Resto del título provincias de Sevilla, Córdoba, Cádiz, Huelva, Granada, Jaén, Málaga y Almería ; ilustrada con mapas, planos y grabados ; viaje geográfico, artístico y pintoresco /
Mención de responsabilidad, etc. Emilio Valverde y Álvarez
260 ## - PUBLICACIÓN, DISTRIBUCIÓN, ETC.
Lugar de publicación, distribución, etc. Madrid :
Nombre del editor, distribuidor, etc. [s.n.,
Fecha de publicación, distribución, etc. ca. 1887]
Fabricante (Imp. de Fernando Cao y Domingo de Val)
300 ## - DESCRIPCIÓN FÍSICA
Extensión Páginas [329]-586 :
Otras características físicas ilustraciones ;
Dimensiones 18 cm
490 1# - MENCIÓN DE SERIE
Mención de serie Guía práctico Valverde
530 ## - NOTA DISPONIBLE DE FORMULARIO FÍSICO ADICIONAL
Materiales especificados Disponible en formato digital
599 ## - NOTA A LAS ILUSTRACIONES
Nota Grab. y planos: litogr., de Sevilla, Córdoba, Cádiz, Huelva, Granada, Jaén, Málaga y Almería
651 #4 - PUNTO DE ACCESO ADICIONAL DE MATERIA--NOMBRE GEOGRÁFICO
Nombre geográfico Andalucía-
Subdivisión de forma Guías turísticas
9 (RLIN) 7769
830 #0 - PUNTO DE ACCESO ADICIONAL DE SERIE-TÍTULO UNIFORME
Título uniforme Guía práctico Valverde
9 (RLIN) 188633
852 ## - LOCALIZACIÓN
Ubicación ES-MaACL
Ubicación en estantería Sala Palomar
Número de control de estantería C-278
Encuadernación Holandesa, conservando cub. original
856 4# - LOCALIZACIÓN Y ACCESO ELECTRÓNICOS
Identificador Uniforme de Recursos <a href="https://bdh-rd.bne.es/viewer.vm?id=0000257824&page=1">https://bdh-rd.bne.es/viewer.vm?id=0000257824&page=1</a>
Texto de enlace Versión en línea
Nota pública (Biblioteca Digital Hispánica)
942 ## - ELEMENTOS DE ENTRADA SECUNDARIOS (KOHA)
Tipo de ítem Koha Libro impreso antiguo
Suprimir en OPAC No
Holdings
Estatus retirado Estado de pérdida Fuente del sistema de clasificación o colocación Estado de daño No para préstamo Biblioteca de origen Biblioteca actual Ubicación en estantería Fecha de adquisición Total de préstamos Signatura topográfica completa Código de barras Visto por última vez Precio de reemplazo Tipo de ítem Koha
    Clasificación decimal universal     Biblioteca del Ateneo de Madrid Biblioteca del Ateneo de Madrid Sala Palomar 17/01/2008   C-278 1175160 23/02/2023 23/02/2023 Libro impreso antiguo